TIME - Vuoden Henkilöt - Statistics

Yleistilastot
  • Tätä visaa on pelattu 25 kertaa
  • Keskiarvotulos 34 / 92
Vastaustilastot
Vuosi Maa Henkilö % Oikein
2008 USA Barack Obama
91%
2012 USA Barack Obama
91%
2016 USA Donald Trump
91%
2024 USA Donald Trump
91%
1938 Saksa Adolf Hitler
86%
1939 Neuvostoliitto Josif Stalin
86%
1942 Neuvostoliitto Josif Stalin
86%
2020 USA Joe Biden
82%
1961 USA John F. Kennedy
82%
2007 Venäjä Vladimir Putin
82%
1990 USA George H. W. Bush
77%
2000 USA George W. Bush
77%
2004 USA George W. Bush
77%
1992 USA Bill Clinton
73%
1998 USA Bill Clinton
73%
2021 USA / Etelä-Afrikka Elon Musk
73%
1987 Neuvostoliitto Mihail Gorbatšov
73%
1989 Neuvostoliitto Mihail Gorbatšov
73%
1993 Etelä-Afrikka Nelson Mandela
73%
1940 Iso-Britannia Winston Churchill
73%
1949 Iso-Britannia Winston Churchill
73%
2015 Saksa Angela Merkel
68%
1980 USA Ronald Reagan
68%
1983 USA Ronald Reagan
68%
2022 Ukraina Volodymyr Zelenskyi
68%
1930 Intia Mahatma Gandhi
64%
1932 USA Franklin D. Roosevelt
55%
1934 USA Franklin D. Roosevelt
55%
1941 USA Franklin D. Roosevelt
55%
1971 USA Richard Nixon
55%
1972 USA Richard Nixon
55%
1944 USA Dwight D. Eisenhower
50%
1959 USA Dwight D. Eisenhower
50%
2013 Vatikaani / Argentiina Franciscus
50%
2019 Ruotsi Greta Thunberg
50%
1945 USA Harry S. Truman
45%
1948 USA Harry S. Truman
45%
2020 USA Kamala Harris
45%
1933 USA Hugh Samuel Johnson
41%
1964 USA Lyndon B. Johnson
41%
1967 USA Lyndon B. Johnson
41%
1958 Ranska Charles de Gaulle
36%
1952 Iso-Britannia Elisabet II
36%
1976 USA Jimmy Carter
36%
1996 USA / Taiwan David Ho
32%
1935 Etiopia Haile Selassie
32%
1977 Egypti Anwar Sadat
27%
1994 Vatikaani / Puola Johannes Paavali II
27%
1962 Vatikaani / Italia Johannes XXIII
27%
1983 Neuvostoliitto Juri Andropov
27%
1972 USA Henry Kissinger
23%
1993 Palestiina Jasser Arafat
23%
1981 Puola Lech Walesa
23%
1963 USA Martin Luther King
23%
2005 USA Bill Gates
18%
1978 Kiina Deng Xiaoping
18%
1985 Kiina Deng Xiaoping
18%
1943 USA George Marshall
18%
1947 USA George Marshall
18%
2005 USA Melinda Gates
18%
2023 USA Taylor Swift
18%
1999 USA Jeff Bezos
14%
1993 Israel Jitzhak Rabin
14%
1953 Saksa Konrad Adenauer
14%
2010 USA Mark Zuckerberg
14%
1957 Neuvostoliitto Nikita Hruštšov
14%
1937 Kiina Tšiang Kai-šek
14%
2005 Irlanti Bono
9%
1927 USA Charles Lindbergh
9%
1993 Etelä-Afrikka F.W.de Klerk
9%
1970 Saksa Willy Brandt
9%
1979 Iran ajatollah Khomeini
5%
1986 Filippiinit Corazon Aquino
5%
1974 Saudi-Arabia Faisal I
5%
1931 Ranska Pierre Laval
5%
2001 USA Rudolph Giuliani
5%
1965 USA William Westmoreland
5%
1997 USA / Unkari Andrew Grove
0%
2009 USA Ben Bernanke
0%
1955 USA Harlow Curtice
0%
1946 USA James F. Byrnes
0%
1954 USA John Foster Dulles
0%
1973 USA John Sirica
0%
1998 USA Kenneth Starr
0%
1951 Iran Mohammed Mossadegh
0%
1995 USA Newt Gingrich
0%
1929 USA Owen D. Young
0%
1984 USA Peter Ueberroth
0%
1937 Kiina Song Meiling
0%
1991 USA Ted Turner
0%
1936 USA Wallis Simpson
0%
1928 USA Walter Chrysler
0%
Ehtoja vastaavia visoja ei löytynyt
Tulosjakauma
Jokaisen tuloksen saaneiden osuus
Persentiili vastausten määrän mukaan
Tuloshistoriasi
Et ole pelannut tätä visaa